00386nam a2200133 a 4500003000200000005001700002008004100019050002600060245006000086260003200146300000700178440005500185650001200240020170223143312.0070806s19uu xx 00 eng d aTR(GS 372.4bLET 1981 aThe letter people: A-Z:bSkillbook 27. Alphabet Review. aU.S.A :bWorld book,c1981. a13 aA world book- Childcraft reading readiness program aReading